Bosnien und Herzegowina-Quiz - Statistiken

Allgemein
  • Dieses Quiz wurde 2.136 mal gespielt
  • Das Durchschnittsergebnis liegt bei 13 aus 20
Antwortstatistiken
Frage Antwort % Korrekt
Hauptstadt Sarajevo
98%
Nachbarland Kroatien
96%
Nachbarland Serbien
96%
Nachbarland Montenegro
91%
Land, von dem Bosnien 1918–1992 abhängig war Jugoslawien
84%
Religion, der ca. 50% der Bevölkerung angehören Islam
83%
Halbinsel, auf der Bosnien liegt Balkan
82%
Bosnien hat eine 20 km lange Küste an diesem Meer Adria
79%
Reich, von dem Bosnien 1463 erobert wurde Osmanisches Reich
78%
Person, die in dieser Stadt 1914 ermordet wurde Franz Ferdinand
74%
Währung Konvertible {Mark}
57%
Ereignis, das 1984 in dieser Stadt stattfand Olympische Winterspiele
54%
Bosnischer Fußballer und Bundesliga-Torschützenkönig für Wolfsburg 2010 Edin Džeko
52%
Größte Stadt in Herzegowina, deren Brücke zum UNESCO-Weltkulturerbe gehört Mostar
51%
Gebirgskette, die hauptsächlich den Süden Bosniens bedeckt Dinarische {Alpen}
48%
Der Landumriss Bosniens ist angeblich wie dieser Körperteil geformt Herz
47%
Gebäck aus Filoteig mit Sirup, Mandel- und Nussfüllung Baklava
44%
Fluss, der die Nordgrenze bildet Save
41%
Primäre slawische Ethnie der Bevölkerung Bosniens Bosniaken
30%
Friedensabkommen, das 1995 den Bosnienkrieg beendete Abkommen von {Dayton}
28%
Keine übereinstimmenden Quizze gefunden
Verteilung der Resultate
Anzahl Personen mit jedem Resultat
Perzentil nach korrekt beantworteten Fragen
Ihre Resultats-Entwicklung
Sie haben dieses Quiz noch nicht gespielt